[Event "ESP-chT 2nd Division 2019"]
[Site "Linares"]
[Date "2019.08.20"]
[Round "3.3"]
[White "Represa Perez, Mireya"]
[Black "Iruzubieta Villaluenga, Jesus M"]
[Result "0-1"]
[WhiteElo "2229"]
[BlackElo "2438"]
[Annotator "NA"]
[PlyCount "94"]
[EventDate "2019.08.19"]
[EventType "team-tourn"]
[EventCountry "ESP"]
[SourceTitle "playchess.com"]
[Source "ChessBase"]
[SourceQuality "1"]
[TimeControl "5400+30"]

1. e4 {[%emt 0:00:00]} e5 {[%emt 0:00:00]} 2. Nf3 {[%emt 0:00:00]} Nc6 {[%emt 0:00:00]} 3. Bb5 {[%emt 0:00:00]} a6 {[%emt 0:00:00]} 4. Ba4 {[%emt 0:00:00]} d6 {[%emt 0:00:08]} 5. O-O {[%emt 0:00:53]} Bd7 {[%emt 0:00:50]} 6. c3 {[%emt 0:06:51]} Nge7 {[%emt 0:00:23]} 7. Re1 {[%emt 0:07:09]} Ng6 {[%emt 0:00:23]} 8. d4 {[%emt 0:05:47]} Be7 {[%emt 0:00:22]} 9. d5 {[%emt 0:06:38]} Nb8 {[%emt 0:00:10]} 10. Bxd7+ {[%emt 0:00:23]} Nxd7 {[%emt 0:00:07]} 11. c4 {[%emt 0:00:53]} O-O {[%emt 0:07:25]} 12. Nc3 {[%emt 0:02:47]} Nh4 {[%emt 0:04:07]} 13. Nxh4 {[%emt 0:04:53]} Bxh4 {[%emt 0:00:09]} 14. Qg4 {[%emt 0:00:46]} Bf6 {[%emt 0:07:37]} 15. Re3 {[%emt 0:07:54]} g6 {[%emt 0:05:50]} 16. Rh3 {[%emt 0:00:06]} Bg7 {[%emt 0:01:00]} 17. Rb1 {[%emt 0:04:08]} Qe7 {[%emt 0:18:02]} 18. b4 {[%emt 0:07:32]} Rae8 {[%emt 0:17:33]} 19. Qh4 {[%emt 0:05:44]} Qxh4 {[%emt 0:01:26]} 20. Rxh4 {[%emt 0:00:01]} Rc8 {[%emt 0:02:10]} 21. Rh3 {[%emt 0:01:10]} c6 {[%emt 0:04:13]} 22. Bd2 {[%emt 0:08:01]} cxd5 {[%emt 0:00:53]} 23. cxd5 {[%emt 0:00:02]} Rc4 {[%emt 0:00:37]} 24. Rd3 {[%emt 0:11:32]} Rfc8 {[%emt 0:00:51]} 25. f3 {[%emt 0:01:04]} Bf6 {[%emt 0:00:42]} 26. a4 {[%emt 0:01:48]} Bd8 {[%emt 0:13:03]} 27. Rb3 {[%emt 0:01:49]} Bb6+ {[%emt 0:00:57]} 28. Kf1 {[%emt 0:00:06]} f5 {[%emt 0:00:24]} 29. a5 {[%emt 0:10:52]} Ba7 {[%emt 0:00:46]} 30. Ke2 {[%emt 0:00:51]} Kf7 {[%emt 0:02:34]} 31. exf5 {[%emt 0:03:35]} gxf5 {[%emt 0:00:10]} 32. g4 {[%emt 0:00:06]} e4 {[%emt 0:08:48]} 33. fxe4 {[%emt 0:00:30]} fxg4 {[%emt 0:00:27]} 34. Rg3 {[%emt 0:01:12]} Nf6 {[%emt 0:02:19]} 35. b5 {[%emt 0:01:06]} Bd4 {[%emt 0:00:28]} 36. bxa6 {[%emt 0:00:20]} bxa6 {[%emt 0:00:10]} 37. Kd3 {[%emt 0:00:57]} Bxc3 {[%emt 0:01:12]} 38. Rxc3 {[%emt 0:00:26]} Rxc3+ {[%emt 0:00:07]} 39. Bxc3 {[%emt 0:00:02]} Rxc3+ {[%emt 0:00:08]} 40. Kxc3 {[%emt 0:00:04]} Nxe4+ {[%emt 0:00:07]} 41. Kd4 {[%emt 0:00:08]} Nxg3 {[%emt 0:00:04]} 42. hxg3 {[%emt 0:00:06]} Kf6 {[%emt 0:00:12]} 43. Ke4 {[%emt 0:00:07]} Kg5 {[%emt 0:00:11]} 44. Ke3 {[%emt 0:00:12]} Kf5 {[%emt 0:00:16]} 45. Kd4 {[%emt 0:00:04]} h6 {[%emt 0:00:10]} 46. Kd3 {[%emt 0:00:12]} Ke5 {[%emt 0:00:13]} 47. Kc4 {[%emt 0:00:03]} Ke4 {[%emt 0:00:12] Kd4+ Ke5+} 0-1

[Event "ESP-chT 2nd Division 2019"]
[Site "Linares"]
[Date "2019.08.20"]
[Round "3.4"]
[White "Trigo Urquijo, Sergio"]
[Black "Meneses Gonzalez, Kevin Moises"]
[Result "1-0"]
[WhiteElo "2385"]
[BlackElo "2251"]
[Annotator "NA"]
[PlyCount "117"]
[EventDate "2019.08.19"]
[EventType "team-tourn"]
[EventCountry "ESP"]
[SourceTitle "playchess.com"]
[Source "ChessBase"]
[SourceQuality "1"]
[TimeControl "5400+30"]

1. d4 {[%emt 0:00:00]} Nf6 {[%emt 0:00:00]} 2. c4 {[%emt 0:00:17]} g6 {[%emt 0:00:00]} 3. f3 {[%emt 0:01:39]} c5 {[%emt 0:00:00]} 4. d5 {[%emt 0:00:16]} Bg7 {[%emt 0:00:00]} 5. e4 {[%emt 0:00:39]} d6 {[%emt 0:00:00]} 6. Ne2 {[%emt 0:00:39]} e6 {[%emt 0:00:06]} 7. Nec3 {[%emt 0:00:28]} exd5 {[%emt 0:00:04]} 8. cxd5 {[%emt 0:00:23]} O-O {[%emt 0:00:04]} 9. Be2 {[%emt 0:02:03]} a6 {[%emt 0:00:09]} 10. a4 {[%emt 0:00:31]} Nbd7 {[%emt 0:00:03]} 11. O-O {[%emt 0:01:46]} Ne8 {[%emt 0:05:16]} 12. Be3 {[%emt 0:12:26]} f5 {[%emt 0:00:45]} 13. Qd2 {[%emt 0:01:02]} Qf6 {[%emt 0:11:36]} 14. exf5 {[%emt 0:04:00]} gxf5 {[%emt 0:00:27]} 15. Na3 {[%emt 0:12:55]} f4 {[%emt 0:02:43]} 16. Bf2 {[%emt 0:00:12]} Ne5 {[%emt 0:00:05]} 17. Nc4 {[%emt 0:03:07]} Qg6 {[%emt 0:01:10]} 18. Kh1 {[%emt 0:00:50]} Bf5 {[%emt 0:06:07]} 19. Qxf4 {[%emt 0:09:37]} Nd3 {[%emt 0:04:20]} 20. Qd2 {[%emt 0:01:18]} Nxf2+ {[%emt 0:00:17]} 21. Rxf2 {[%emt 0:00:07]} Bd4 {[%emt 0:00:18]} 22. Rff1 {[%emt 0:00:23]} Kh8 {[%emt 0:01:45]} 23. Rfe1 {[%emt 0:08:35]} Nc7 {[%emt 0:16:52]} 24. Nb6 {[%emt 0:05:14]} Rae8 {[%emt 0:00:06]} 25. Bf1 {[%emt 0:00:19]} Bc2 {[%emt 0:20:22]} 26. Rxe8 {[%emt 0:03:51]} Nxe8 {[%emt 0:00:05]} 27. Re1 {[%emt 0:03:50]} Nf6 {[%emt 0:03:31]} 28. Ne2 {[%emt 0:05:38]} Be5 {[%emt 0:07:07]} 29. Nc4 {[%emt 0:01:36]} Bxa4 {[%emt 0:00:25]} 30. Nxe5 {[%emt 0:00:17]} dxe5 {[%emt 0:00:03]} 31. Nc3 {[%emt 0:00:23]} Bd7 {[%emt 0:06:20]} 32. Rxe5 {[%emt 0:00:54]} b5 {[%emt 0:00:07]} 33. d6 {[%emt 0:03:06]} b4 {[%emt 0:01:23]} 34. Nd1 {[%emt 0:01:59]} Ne4 {[%emt 0:01:39]} 35. Qe1 {[%emt 0:02:55]} Nxd6 {[%emt 0:00:24]} 36. Rxc5 {[%emt 0:01:02]} Bb5 {[%emt 0:02:26]} 37. Bxb5 {[%emt 0:02:40]} Nxb5 {[%emt 0:00:05]} 38. Qe5+ {[%emt 0:01:30]} Qf6 {[%emt 0:00:49]} 39. Ne3 {[%emt 0:02:13]} Qxe5 {[%emt 0:00:36]} 40. Rxe5 {[%emt 0:00:05]} Rc8 {[%emt 0:00:21]} 41. h4 {[%emt 0:00:13]} Kg7 {[%emt 0:02:56]} 42. Re7+ {[%emt 0:00:41]} Kf6 {[%emt 0:02:05]} 43. Nd5+ {[%emt 0:00:47]} Kg6 {[%emt 0:01:30]} 44. Nxb4 {[%emt 0:00:27]} Rc4 {[%emt 0:00:10]} 45. Re4 {[%emt 0:00:43]} Rxe4 {[%emt 0:00:55]} 46. fxe4 {[%emt 0:00:05]} Nd6 {[%emt 0:00:01]} 47. Nxa6 {[%emt 0:01:38]} Nxe4 {[%emt 0:00:02]} 48. b4 {[%emt 0:00:23]} Kh5 {[%emt 0:00:03]} 49. Nc5 {[%emt 0:00:35]} Ng3+ {[%emt 0:07:07]} 50. Kh2 {[%emt 0:00:48]} Nf1+ {[%emt 0:01:01]} 51. Kh3 {[%emt 0:00:18]} Ne3 {[%emt 0:00:06]} 52. b5 {[%emt 0:00:33]} Nd5 {[%emt 0:00:02]} 53. Nd7 {[%emt 0:00:52]} Nf4+ {[%emt 0:00:28]} 54. Kh2 {[%emt 0:00:26]} Ne6 {[%emt 0:00:08]} 55. b6 {[%emt 0:00:53]} Nd8 {[%emt 0:00:04]} 56. Nc5 {[%emt 0:00:40]} Kxh4 {[%emt 0:00:10]} 57. b7 {[%emt 0:00:10]} Nc6 {[%emt 0:00:01]} 58. Nd7 {[%emt 0:00:26]} Nb8 59. Nc5 1-0

[Event "ESP-chT 2nd Division 2019"]
[Site "Linares"]
[Date "2019.08.20"]
[Round "3.5"]
[White "Ballester Sanz, Joaquin"]
[Black "Sosa Suarez, Carla Cristina"]
[Result "1/2-1/2"]
[WhiteElo "2027"]
[BlackElo "2135"]
[Annotator "NA"]
[PlyCount "83"]
[EventDate "2019.08.19"]
[EventType "team-tourn"]
[EventCountry "ESP"]
[SourceTitle "playchess.com"]
[Source "ChessBase"]
[SourceQuality "1"]
[TimeControl "5400+30"]

1. e4 {[%emt 0:00:00]} e6 {[%emt 0:00:00]} 2. d4 {[%emt 0:00:00]} d5 {[%emt 0:00:00]} 3. Nd2 {[%emt 0:00:31]} Be7 {[%emt 0:00:00]} 4. Ngf3 {[%emt 0:00:34]} Nf6 {[%emt 0:00:00]} 5. e5 {[%emt 0:01:27]} Nfd7 {[%emt 0:00:00]} 6. Bd3 {[%emt 0:00:53]} c5 {[%emt 0:00:05]} 7. c3 {[%emt 0:00:43]} Nc6 {[%emt 0:00:04]} 8. O-O {[%emt 0:01:35]} a5 {[%emt 0:00:03]} 9. a4 {[%emt 0:10:00]} cxd4 {[%emt 0:02:03]} 10. cxd4 {[%emt 0:00:44]} Nb4 {[%emt 0:00:44]} 11. Bb5 {[%emt 0:03:30]} O-O {[%emt 0:01:26]} 12. Nb1 {[%emt 0:03:59]} Nb6 {[%emt 0:02:59]} 13. b3 {[%emt 0:15:22]} Bd7 {[%emt 0:01:59]} 14. Na3 {[%emt 0:01:50]} Nc8 {[%emt 0:06:09]} 15. Bxd7 {[%emt 0:10:03]} Qxd7 {[%emt 0:00:05]} 16. Bg5 {[%emt 0:02:09]} f6 {[%emt 0:08:32]} 17. exf6 {[%emt 0:01:07]} gxf6 {[%emt 0:00:26]} 18. Bh6 {[%emt 0:02:20]} Rf7 {[%emt 0:00:03]} 19. Nb5 {[%emt 0:01:52]} Nd6 {[%emt 0:03:09]} 20. Nxd6 {[%emt 0:03:01]} Bxd6 {[%emt 0:00:28]} 21. Qd2 {[%emt 0:04:01]} Rc8 {[%emt 0:08:16]} 22. Rac1 {[%emt 0:01:15]} Re7 {[%emt 0:06:53]} 23. Rxc8+ {[%emt 0:00:53]} Qxc8 {[%emt 0:00:03]} 24. Rc1 {[%emt 0:00:24]} Nc6 {[%emt 0:06:09]} 25. Bf4 {[%emt 0:03:19]} Qc7 {[%emt 0:02:38]} 26. Bg3 {[%emt 0:00:51]} Bxg3 {[%emt 0:01:08]} 27. hxg3 {[%emt 0:00:17]} Rg7 {[%emt 0:02:50]} 28. Re1 {[%emt 0:06:50]} Qd6 {[%emt 0:02:27]} 29. Qe3 {[%emt 0:02:09]} Kf7 {[%emt 0:03:43]} 30. Qh6 {[%emt 0:01:18]} Ne7 {[%emt 0:05:19]} 31. Qd2 {[%emt 0:05:37]} Qb6 {[%emt 0:01:52]} 32. Qd3 {[%emt 0:01:56]} Nf5 {[%emt 0:00:51]} 33. Rc1 {[%emt 0:01:50]} Nd6 {[%emt 0:01:04]} 34. Qc2 {[%emt 0:01:42]} Kg8 {[%emt 0:04:48]} 35. Qe2 {[%emt 0:02:09]} Re7 {[%emt 0:00:57]} 36. Qe3 {[%emt 0:01:02]} Kg7 {[%emt 0:04:02]} 37. Qf4 {[%emt 0:01:13]} Rc7 {[%emt 0:04:02]} 38. Qg4+ {[%emt 0:02:50]} Kf7 {[%emt 0:00:22]} 39. Qh5+ {[%emt 0:00:23]} Kg7 {[%emt 0:00:48]} 40. Qg4+ {[%emt 0:00:10]} Kf7 {[%emt 0:00:13]} 41. Qh5+ {[%emt 0:00:11]} Kg7 {[%emt 0:02:06]} 42. Qg4+ 1/2-1/2

[Event "ESP-chT 2nd Division 2019"]
[Site "Linares"]
[Date "2019.08.20"]
[Round "3.6"]
[White "Moreno Trujillo, Alejandro"]
[Black "Cruz Lledo, Pablo"]
[Result "0-1"]
[WhiteElo "2519"]
[BlackElo "2445"]
[Annotator "ChessBase"]
[PlyCount "144"]
[EventDate "2019.08.19"]
[EventType "team-tourn"]
[EventCountry "ESP"]
[SourceTitle "playchess.com"]
[Source "ChessBase"]
[SourceQuality "1"]
[TimeControl "5400+30"]

1. c4 {[%emt 0:00:02]} Nf6 {[%emt 0:00:00]} 2. d4 {[%emt 0:00:39]} b6 {[%emt 0:02:32]} 3. Nc3 {[%emt 0:01:43]} Bb7 {[%emt 0:00:08]} 4. Qc2 {[%emt 0:02:01]} d5 {[%emt 0:01:24]} 5. Nf3 {[%emt 0:05:28]} e6 {[%emt 0:00:15]} 6. Bg5 {[%emt 0:00:39]} Be7 {[%emt 0:00:10]} 7. e3 {[%emt 0:00:48]} O-O {[%emt 0:00:50]} 8. cxd5 {[%emt 0:02:39]} Nxd5 {[%emt 0:00:27]} 9. Bxe7 {[%emt 0:00:30]} Qxe7 {[%emt 0:00:43]} 10. a3 {[%emt 0:05:03]} Nxc3 {[%emt 0:05:03]} 11. bxc3 {[%emt 0:01:38]} c5 {[%emt 0:00:22]} 12. Bd3 {[%emt 0:02:58]} h6 {[%emt 0:01:18]} 13. O-O {[%emt 0:02:59]} Nc6 {[%emt 0:00:37]} 14. Rfd1 {[%emt 0:05:07]} Rac8 {[%emt 0:00:12]} 15. Qb2 {[%emt 0:05:34]} Rfd8 {[%emt 0:23:09]} 16. Bb5 {[%emt 0:04:44]} Qd6 {[%emt 0:06:21]} 17. h3 {[%emt 0:06:42]} Ne7 {[%emt 0:03:25]} 18. Be2 {[%emt 0:06:14]} Qc7 {[%emt 0:04:07]} 19. a4 {[%emt 0:02:01]} Nc6 {[%emt 0:08:43]} 20. dxc5 {[%emt 0:09:14]} bxc5 {[%emt 0:00:13]} 21. Rxd8+ {[%emt 0:00:56]} Rxd8 {[%emt 0:00:15]} 22. a5 {[%emt 0:01:03]} Nxa5 {[%emt 0:04:19]} 23. Rxa5 {[%emt 0:08:31]} Bxf3 {[%emt 0:01:10]} 24. Ra1 {[%emt 0:01:57]} Bxe2 {[%emt 0:00:37]} 25. Qxe2 {[%emt 0:00:05]} c4 {[%emt 0:00:35]} 26. g3 {[%emt 0:02:11]} Rd3 {[%emt 0:00:33]} 27. Qf3 {[%emt 0:02:19]} Rd5 {[%emt 0:04:07]} 28. Qe4 {[%emt 0:04:29]} a5 {[%emt 0:03:04]} 29. Kg2 {[%emt 0:00:45]} g6 {[%emt 0:01:01]} 30. Ra4 {[%emt 0:02:17]} Rc5 {[%emt 0:00:10]} 31. Ra1 {[%emt 0:00:54]} Kg7 {[%emt 0:00:16]} 32. Qd4+ {[%emt 0:00:35]} Kh7 {[%emt 0:01:26]} 33. Qe4 {[%emt 0:00:59]} Kg7 {[%emt 0:06:38]} 34. Qd4+ {[%emt 0:00:15]} e5 {[%emt 0:00:05]} 35. Qe4 {[%emt 0:01:24]} Qd7 {[%emt 0:00:37]} 36. Qa8 {[%emt 0:04:53]} Qd5+ {[%emt 0:00:57]} 37. Qxd5 {[%emt 0:00:02]} Rxd5 {[%emt 0:00:03]} 38. e4 {[%emt 0:00:26]} Rc5 {[%emt 0:00:14]} 39. Kf3 {[%emt 0:00:13]} Kf6 {[%emt 0:00:26]} 40. Rb1 {[%emt 0:00:25]} Rc6 {[%emt 0:00:27]} 41. Ra1 {[%emt 0:00:27]} Ra6 {[%emt 0:00:20]} 42. Ra4 {[%emt 0:00:09]} Ke6 {[%emt 0:00:03]} 43. Ke3 {[%emt 0:02:25]} Kd6 {[%emt 0:00:07]} 44. Kd2 {[%emt 0:00:31]} Kc5 {[%emt 0:00:09]} 45. Kc2 {[%emt 0:00:59]} Kb5 {[%emt 0:00:14]} 46. Ra2 {[%emt 0:00:15]} Rf6 {[%emt 0:00:06]} 47. Rb2+ {[%emt 0:00:24]} Ka6 {[%emt 0:00:37]} 48. Kb1 {[%emt 0:00:27]} Rf3 {[%emt 0:00:27]} 49. Rc2 {[%emt 0:00:21]} g5 {[%emt 0:01:35]} 50. Kb2 {[%emt 0:00:54]} h5 {[%emt 0:00:16]} 51. h4 {[%emt 0:03:22]} gxh4 {[%emt 0:00:22]} 52. gxh4 {[%emt 0:00:01]} Rf4 {[%emt 0:00:34]} 53. Rd2 {[%emt 0:00:37]} Rxe4 {[%emt 0:00:09]} 54. Ka3 {[%emt 0:00:30]} Rxh4 {[%emt 0:04:50]} 55. Rd6+ {[%emt 0:00:09]} Kb7 {[%emt 0:00:41]} 56. Rd7+ {[%emt 0:00:18]} Kc6 {[%emt 0:00:12]} 57. Rxf7 {[%emt 0:00:04]} Rf4 {[%emt 0:00:23]} 58. Rh7 {[%emt 0:00:25]} h4 {[%emt 0:00:15]} 59. Rh5 {[%emt 0:00:37]} Kd5 {[%emt 0:00:13]} 60. Ka4 {[%emt 0:00:37]} Rxf2 {[%emt 0:00:49]} 61. Rxh4 {[%emt 0:01:07]} Rf3 {[%emt 0:01:03]} 62. Kxa5 {[%emt 0:00:59]} Rxc3 {[%emt 0:00:05]} 63. Rh8 {[%emt 0:00:07]} Ra3+ {[%emt 0:00:42]} 64. Kb4 {[%emt 0:00:08]} Rb3+ {[%emt 0:00:05]} 65. Ka4 {[%emt 0:00:06]} Rb7 {[%emt 0:01:58]} 66. Rd8+ {[%emt 0:00:54]} Ke4 {[%emt 0:00:07]} 67. Ka3 {[%emt 0:01:13]} Ke3 {[%emt 0:00:34]} 68. Rc8 {[%emt 0:00:07]} e4 {[%emt 0:00:09]} 69. Rxc4 {[%emt 0:00:18]} Kd3 {[%emt 0:00:05]} 70. Rc8 {[%emt 0:00:12]} e3 {[%emt 0:00:04]} 71. Rd8+ {[%emt 0:00:17]} Ke2 {[%emt 0:00:04]} 72. Re8 {[%emt 0:00:05]} Kf2 {[%emt 0:00:07]} 0-1

[Event "ESP-chT 2nd Division 2019"]
[Site "Linares"]
[Date "2019.08.20"]
[Round "3.7"]
[White "Garcia Molla, Victor"]
[Black "Nayhebaver, Martin"]
[Result "0-1"]
[WhiteElo "2408"]
[BlackElo "2469"]
[Annotator "ChessBase"]
[PlyCount "68"]
[EventDate "2019.08.19"]
[EventType "team-tourn"]
[EventCountry "ESP"]
[SourceTitle "playchess.com"]
[Source "ChessBase"]
[SourceQuality "1"]
[TimeControl "5400+30"]

1. d4 {[%emt 0:00:00]} Nf6 {[%emt 0:00:00]} 2. Nf3 {[%emt 0:00:00]} e6 {[%emt 0:00:28]} 3. c4 {[%emt 0:00:47]} b6 {[%emt 0:00:28]} 4. e3 {[%emt 0:00:19]} Bb7 {[%emt 0:01:04]} 5. Bd3 {[%emt 0:00:32]} g6 {[%emt 0:02:28]} 6. Nc3 {[%emt 0:01:49]} Bg7 {[%emt 0:03:30]} 7. e4 {[%emt 0:01:34]} O-O {[%emt 0:01:50]} 8. Bg5 {[%emt 0:11:04]} h6 {[%emt 0:02:39]} 9. Bh4 {[%emt 0:01:27]} Qe8 {[%emt 0:07:48]} 10. e5 {[%emt 0:09:31]} Nh5 {[%emt 0:00:55]} 11. Be4 {[%emt 0:08:11]} Bxe4 {[%emt 0:04:28]} 12. Nxe4 {[%emt 0:00:07]} d5 {[%emt 0:02:31]} 13. Nf6+ {[%emt 0:11:49]} Bxf6 {[%emt 0:04:54]} 14. exf6 {[%emt 0:00:07]} Nd7 {[%emt 0:01:37]} 15. Qc1 {[%emt 0:04:39]} Kh7 {[%emt 0:00:50]} 16. g4 {[%emt 0:00:35]} Nhxf6 {[%emt 0:01:10]} 17. g5 {[%emt 0:00:10]} Ne4 {[%emt 0:01:35]} 18. gxh6 {[%emt 0:00:51]} c5 {[%emt 0:05:17]} 19. Qe3 {[%emt 0:03:26]} Rc8 {[%emt 0:08:16]} 20. O-O-O {[%emt 0:05:24]} f5 {[%emt 0:06:14]} 21. Ng5+ {[%emt 0:02:20]} Nxg5 {[%emt 0:01:42]} 22. Bxg5 {[%emt 0:00:07]} Qf7 {[%emt 0:04:12]} 23. Kb1 {[%emt 0:01:36]} dxc4 {[%emt 0:04:08]} 24. f4 {[%emt 0:01:19]} Rfe8 {[%emt 0:00:56]} 25. Rhe1 {[%emt 0:01:40]} b5 {[%emt 0:01:53]} 26. Qa3 {[%emt 0:02:50]} cxd4 {[%emt 0:03:06]} 27. Rxd4 {[%emt 0:00:33]} Nb6 {[%emt 0:02:58]} 28. Ka1 {[%emt 0:06:29]} Nd5 {[%emt 0:00:55]} 29. Qd6 {[%emt 0:07:24]} a5 {[%emt 0:01:15]} 30. Kb1 {[%emt 0:04:14]} b4 {[%emt 0:02:54]} 31. Qa6 {[%emt 0:02:01]} c3 {[%emt 0:00:23]} 32. b3 {[%emt 0:00:45]} a4 {[%emt 0:02:47]} 33. Qxa4 {[%emt 0:03:09]} Ra8 {[%emt 0:00:30]} 34. Qc6 {[%emt 0:01:01]} Qa7 {[%emt 0:00:10]} 0-1

[Event "ESP-chT 2nd Division 2019"]
[Site "Linares"]
[Date "2019.08.20"]
[Round "3.8"]
[White "Soham Das"]
[Black "Plaza Pardo, Daniel"]
[Result "0-1"]
[WhiteElo "2339"]
[BlackElo "2238"]
[Annotator "NA"]
[PlyCount "86"]
[EventDate "2019.08.19"]
[EventType "team-tourn"]
[EventCountry "ESP"]
[SourceTitle "playchess.com"]
[Source "ChessBase"]
[SourceQuality "1"]
[TimeControl "5400+30"]

1. e4 {[%emt 0:00:00]} c5 {[%emt 0:00:00]} 2. Nf3 {[%emt 0:00:00]} e6 {[%emt 0:00:10]} 3. d3 {[%emt 0:00:08]} Nc6 {[%emt 0:00:27]} 4. g3 {[%emt 0:00:07]} g6 {[%emt 0:00:39]} 5. Bg2 {[%emt 0:00:32]} Bg7 {[%emt 0:00:27]} 6. O-O {[%emt 0:00:05]} Nge7 {[%emt 0:00:15]} 7. c3 {[%emt 0:00:47]} e5 {[%emt 0:02:38]} 8. a3 {[%emt 0:02:29]} d6 {[%emt 0:01:43]} 9. b4 {[%emt 0:00:53]} O-O {[%emt 0:00:40]} 10. Be3 {[%emt 0:11:32]} b6 {[%emt 0:01:16]} 11. Qc2 {[%emt 0:13:39]} h6 {[%emt 0:02:18]} 12. Nbd2 {[%emt 0:23:17]} Be6 {[%emt 0:03:47]} 13. b5 {[%emt 0:08:20]} Na5 {[%emt 0:00:54]} 14. d4 {[%emt 0:00:02]} Nc4 {[%emt 0:05:36]} 15. Nxc4 {[%emt 0:01:05]} Bxc4 {[%emt 0:00:10]} 16. Rfd1 {[%emt 0:00:03]} Qc7 {[%emt 0:02:06]} 17. a4 {[%emt 0:06:16]} a6 {[%emt 0:01:40]} 18. dxe5 {[%emt 0:04:50]} dxe5 {[%emt 0:00:35]} 19. Bf1 {[%emt 0:00:36]} axb5 {[%emt 0:15:26]} 20. axb5 {[%emt 0:00:02]} Bxf1 {[%emt 0:00:52]} 21. Kxf1 {[%emt 0:00:02]} Rad8 {[%emt 0:02:16]} 22. Ra6 {[%emt 0:05:14]} Rxd1+ {[%emt 0:02:56]} 23. Qxd1 {[%emt 0:00:01]} Rd8 {[%emt 0:00:55]} 24. Qa4 {[%emt 0:00:41]} Nc8 {[%emt 0:01:29]} 25. Nd2 {[%emt 0:05:36]} Qd7 {[%emt 0:04:54]} 26. Kg2 {[%emt 0:02:12]} Kh7 {[%emt 0:06:15]} 27. Nc4 {[%emt 0:02:52]} Qb7 {[%emt 0:01:09]} 28. f3 {[%emt 0:00:08]} f5 {[%emt 0:00:51]} 29. exf5 {[%emt 0:02:59]} gxf5 {[%emt 0:00:48]} 30. Qc2 {[%emt 0:01:27]} e4 {[%emt 0:00:48]} 31. fxe4 {[%emt 0:00:05]} fxe4 {[%emt 0:00:09]} 32. Bf4 {[%emt 0:05:15]} Kh8 {[%emt 0:02:52]} 33. Ne3 {[%emt 0:01:46]} Rd3 {[%emt 0:00:55]} 34. c4 {[%emt 0:00:46]} Ne7 {[%emt 0:02:49]} 35. Qa2 {[%emt 0:03:02]} Qd7 {[%emt 0:02:20]} 36. Ra8+ {[%emt 0:00:39]} Kh7 {[%emt 0:01:02]} 37. Nf1 {[%emt 0:00:08]} Nf5 {[%emt 0:05:16]} 38. Ra7 {[%emt 0:00:25]} Qd4 {[%emt 0:03:41]} 39. Qe2 {[%emt 0:00:52]} e3 {[%emt 0:06:57]} 40. Kh3 {[%emt 0:00:34]} Qe4 {[%emt 0:03:11]} 41. g4 {[%emt 0:00:31]} Nd4 {[%emt 0:00:55]} 42. Qg2 {[%emt 0:00:31]} e2+ {[%emt 0:01:42]} 43. Bg3 {[%emt 0:00:19]} e1=Q {[%emt 0:00:18]} 0-1

[Event "ESP-chT 2nd Division 2019"]
[Site "Linares"]
[Date "2019.08.20"]
[Round "3.9"]
[White "Barbera Estelles, Rosendo"]
[Black "Lopez Del Alamo, Antonio"]
[Result "1-0"]
[WhiteElo "2176"]
[BlackElo "2276"]
[Annotator "NA"]
[PlyCount "134"]
[EventDate "2019.08.19"]
[EventType "team-tourn"]
[EventCountry "ESP"]
[SourceTitle "playchess.com"]
[Source "ChessBase"]
[SourceQuality "1"]
[TimeControl "5400+30"]

1. e4 {[%emt 0:00:00]} c5 {[%emt 0:00:00]} 2. Be2 {[%emt 0:00:16]} Nc6 {[%emt 0:00:18]} 3. f4 {[%emt 0:00:27]} g6 {[%emt 0:02:33]} 4. Nf3 {[%emt 0:00:28]} Bg7 {[%emt 0:00:06]} 5. d3 {[%emt 0:02:40]} e6 {[%emt 0:04:17]} 6. O-O {[%emt 0:01:06]} Nge7 {[%emt 0:00:31]} 7. c3 {[%emt 0:02:07]} d5 {[%emt 0:00:55]} 8. Be3 {[%emt 0:17:50]} b6 {[%emt 0:02:13]} 9. e5 {[%emt 0:10:13]} d4 {[%emt 0:12:57]} 10. cxd4 {[%emt 0:05:47]} Nf5 {[%emt 0:01:15]} 11. Bf2 {[%emt 0:01:42]} Nfxd4 {[%emt 0:01:52]} 12. Nc3 {[%emt 0:06:15]} f5 {[%emt 0:13:50]} 13. Nxd4 {[%emt 0:07:58]} Nxd4 {[%emt 0:00:41]} 14. Bxd4 {[%emt 0:00:57]} Qxd4+ {[%emt 0:00:22]} 15. Rf2 {[%emt 0:01:44]} Bd7 {[%emt 0:01:51]} 16. Qb3 {[%emt 0:00:47]} O-O {[%emt 0:04:21]} 17. Nb5 {[%emt 0:06:02]} Bxb5 {[%emt 0:04:31]} 18. Qxb5 {[%emt 0:00:08]} Rfd8 {[%emt 0:02:56]} 19. Qb3 {[%emt 0:08:20]} Kf7 {[%emt 0:01:09]} 20. a4 {[%emt 0:01:18]} Bf8 {[%emt 0:01:00]} 21. Qc3 {[%emt 0:03:07]} c4 {[%emt 0:04:13]} 22. Qxd4 {[%emt 0:04:14]} Rxd4 {[%emt 0:00:02]} 23. Rf3 {[%emt 0:00:56]} Bc5 {[%emt 0:02:26]} 24. Kf1 {[%emt 0:00:49]} Rad8 {[%emt 0:05:04]} 25. dxc4 {[%emt 0:01:20]} a5 {[%emt 0:01:12]} 26. h3 {[%emt 0:02:41]} Rd2 {[%emt 0:02:22]} 27. b3 {[%emt 0:00:10]} R8d4 {[%emt 0:03:10]} 28. g3 {[%emt 0:04:22]} Ke7 {[%emt 0:00:18]} 29. Rb1 {[%emt 0:01:26]} Re4 {[%emt 0:01:52]} 30. Bd3 {[%emt 0:00:14]} Rh2 {[%emt 0:01:03]} 31. b4 {[%emt 0:02:48]} axb4 {[%emt 0:00:24]} 32. Bxe4 {[%emt 0:00:18]} fxe4 {[%emt 0:00:16]} 33. Rfb3 {[%emt 0:00:09]} Rf2+ {[%emt 0:07:35]} 34. Ke1 {[%emt 0:00:15]} e3 {[%emt 0:01:37]} 35. R1b2 {[%emt 0:01:07]} g5 {[%emt 0:04:21]} 36. Rxf2 {[%emt 0:00:41]} exf2+ {[%emt 0:00:02]} 37. Ke2 {[%emt 0:00:10]} gxf4 {[%emt 0:00:13]} 38. gxf4 {[%emt 0:00:18]} Kf7 {[%emt 0:00:13]} 39. Rg3 {[%emt 0:00:29]} Kf8 {[%emt 0:03:34]} 40. h4 {[%emt 0:01:18]} Kf7 {[%emt 0:01:02]} 41. h5 {[%emt 0:00:18]} h6 {[%emt 0:00:39]} 42. Rd3 {[%emt 0:00:18]} Ke7 {[%emt 0:00:15]} 43. Rd1 {[%emt 0:00:13]} Ke8 {[%emt 0:00:51]} 44. Ra1 {[%emt 0:01:19]} Kd7 {[%emt 0:02:02]} 45. a5 {[%emt 0:00:50]} bxa5 {[%emt 0:00:38]} 46. Rxa5 {[%emt 0:00:14]} Be3 {[%emt 0:04:54]} 47. Rb5 {[%emt 0:00:18]} Bxf4 {[%emt 0:00:45]} 48. Kxf2 {[%emt 0:00:21]} Kc6 {[%emt 0:00:34]} 49. Kf3 {[%emt 0:00:27]} Bd2 {[%emt 0:00:13]} 50. Ke4 {[%emt 0:00:27]} Bc3 {[%emt 0:00:25]} 51. Rb8 {[%emt 0:00:49]} Kc7 {[%emt 0:00:05]} 52. Rb5 {[%emt 0:01:43]} Kc6 {[%emt 0:00:01]} 53. Kd3 {[%emt 0:00:40]} Be1 {[%emt 0:00:19]} 54. Kc2 {[%emt 0:00:16]} Bc3 {[%emt 0:00:47]} 55. Kb3 {[%emt 0:00:11]} Kc7 {[%emt 0:00:35]} 56. Rxb4 {[%emt 0:01:11]} Bxe5 {[%emt 0:02:14]} 57. c5 {[%emt 0:00:11]} Kc6 {[%emt 0:00:43]} 58. Kc4 {[%emt 0:00:35]} Bc7 {[%emt 0:00:11]} 59. Rb2 {[%emt 0:00:41]} Bf4 {[%emt 0:00:31]} 60. Rb6+ {[%emt 0:00:13]} Kd7 {[%emt 0:00:01]} 61. Kb5 {[%emt 0:00:21]} Ke7 {[%emt 0:00:34]} 62. c6 {[%emt 0:03:29]} Kf6 {[%emt 0:00:27]} 63. Ka6 {[%emt 0:00:52]} Bd6 {[%emt 0:00:49]} 64. Kb7 {[%emt 0:01:03]} Kg5 {[%emt 0:00:29]} 65. Rb5+ {[%emt 0:00:13]} Kf4 {[%emt 0:00:00]} 66. Kc8 {[%emt 0:00:39]} e5 {[%emt 0:01:54]} 67. Kd7 {[%emt 0:00:13]} Ke4 1-0